All Bug-Type Pokémon moves (SV) - Statistics

General Stats
  • This quiz has been taken 104 times
  • The average score is 29 of 34
Answer Stats
Gen Category Base Power Description Answer % Correct
IV Special 90 The user vibrates to generate a damaging sound wave. This may also lower the target's Sp. Def stat. Bug Buzz
98%
VI Special 20 The target is infested and attacked for four to five turns. The target can't flee during this time. Infestation
98%
IV Physical 60 The user bites the target. If the target is holding a Berry, the user eats it and gains its effect. Bug Bite
96%
VII Physical 80 The user makes a lunge at the target, attacking with full force. This also lowers the target's Attack stat. Lunge
96%
II Physical 120 Using its tough and impressive horn, the user rams into the target with no letup. Megahorn
96%
V Status - The user lightly performs a beautiful, mystic dance. This boosts the user's Sp. Atk, Sp. Def, and Speed stats. Quiver Dance
96%
VI Status - The user weaves a sticky net around the opposing team, which lowers their Speed stats upon switching into battle. Sticky Web
96%
I Status - The user blows silk from its mouth that binds opposing Pokémon and harshly lowers their Speed stats. String Shot
96%
IV Physical 90 The user calls out its underlings to pummel the target. This move has a heightened chance of landing a critical hit. Attack Order
95%
IV Status - The user calls out its underlings to heal it. The user regains up to half of its max HP. Heal Order
95%
I Physical 80 The user drains the target's blood. The user's HP is restored by up to half the damage taken by the target. Leech Life
95%
VII Special 90 The user attacks the enemy with a pollen puff that explodes. If the target is an ally, it gives the ally a pollen puff that restores its HP instead. Pollen Puff
95%
IV Physical 70 After making its attack, the user rushes back to switch places with a party Pokémon in waiting. U-Turn
93%
VII Physical 90 Although this move has great power, it works only on the first turn each time the user enters battle. First Impression
91%
III Special 75 The user attacks with a sinister beam of light. This may also confuse the target. Signal Beam
91%
IV Status - The user calls out its underlings to shield its body, boosting its Defense and Sp. Def stats. Defend Order
89%
I Physical 25 The user attacks by shooting sharp spikes at the target. This move hits two to five times in a row. Pin Missile
89%
V Status - The user scatters a cloud of irritating powder to draw attention to itself. Opposing Pokémon aim only at the user. Rage Powder
89%
V Special 50 The user attacks by struggling against opposing Pokémon. This also lowers their Sp. Atk stats. Struggle Bug
89%
II Physical 40 The user attacks by slashing the target with scythes, claws, or the like. This attack becomes more powerful if it hits in succession. Fury Cutter
87%
I Physical 25 The user damages the target twice in succession by jabbing it with two spikes. This may also poison the target. Twineedle
87%
III Special 60 The target is attacked with powdery scales blown by the wind. This may also raise all the user's stats. Silver Wind
82%
VIII Physical 70 The user skitters behind the target to attack. This also lowers the target's Sp. Atk stat. Skitter Smack
78%
IX Physical 50 The user attacks by pouncing on the target. This also lowers the target's Speed stat. Pounce
76%
VI Status - The user covers the target in a combustible powder. If the target uses a Fire-type move, the powder explodes and damages the target. Powder
76%
VI Physical 50 When the user knocks out a target with this move, the user's Attack stat is boosted drastically. Fell Stinger
73%
II Status - The user ensnares the target with thin, gooey silk so it can't flee from battle. Spider Web
73%
V Physical 65 The user crushes its target by rolling over the target with its rolled-up body. This may also make the target flinch. Steamroller
71%
IX Status - The user spins a silken trap, protecting itself from damage while lowering the Speed stat of any attacker that makes direct contact. Silk Trap
69%
VIII Physical/Special - This is a Bug-type attack Dynamax Pokémon use. This lowers the target's Sp. Atk stat. Max Flutterby
67%
III Status - The user stares at flashing lights to focus its mind, drastically raising its Sp. Atk stat. Tail Glow
67%
IV Physical 80 The user slashes at the target by crossing its scythes, claws, or the like as if they were a pair of scissors. X-Scissors
64%
VII Physical/Special - The user binds the target with full force with threads of silk that the user spits using its Z-Power. The power varies, depending on the original move. Savage Spin-Out
58%
VIII Physical/Special - A Bug-type attack that Gigantamax Butterfree use. This move inflicts the poisoned, paralyzed, or asleep status condition on opponents. G-Max Befuddle
53%
No matching quizzes found
Score Distribution
Percent of People with Each Score
Percentile by Number Answered
Your Score History
You have not taken this quiz